[Event "II Open A"]
[Site "Livigno ITA"]
[Date "2011.09.13"]
[Round "3"]
[White "Palit, Somak"]
[Black "Arnetta, Maria Teresa"]
[WhiteElo "2363"]
[BlackElo "2017"]
[Result "1/2-1/2"]
[PlyCount "75"]
[EventDate "2011.09.12"]

1. e4 e6 2. Nf3 c5 3. b3 Nc6 4. Bb2 d5 5. exd5 exd5 6. Bb5 Nf6 7. O-O Be7 8.
Ne5 Qc7 9. Re1 Be6 10. d4 cxd4 11. Bxd4 O-O 12. Nxc6 bxc6 13. Bf1 Rfe8 14. Nd2
Ng4 15. Nf3 Bd6 16. g3 Bf5 17. Qd2 f6 18. c4 c5 19. Bb2 d4 20. Bg2 Rad8 21. Nh4
Bc8 22. Bd5+ Kh8 23. Qc2 Be5 24. Rad1 a5 25. Bc1 Bd6 26. Ng6+ hxg6 27. Qxg6 Re5
28. Rxe5 Bxe5 29. Qh5+ Nh6 30. Bxh6 gxh6 31. f4 Qg7 32. fxe5 Bg4 33. exf6 Bxh5
34. fxg7+ Kxg7 35. Rd2 Rf8 36. h3 Re8 37. g4 Bg6 38. Kf2 1/2-1/2

[Event "II Open A"]
[Site "Livigno ITA"]
[Date "2011.09.13"]
[Round "3"]
[White "Scalcione, Michelangelo"]
[Black "Saptarshi, Roy"]
[WhiteElo "2337"]
[BlackElo "2385"]
[Result "1/2-1/2"]
[PlyCount "101"]
[EventDate "2011.09.12"]

1. Nf3 d5 2. d4 e6 3. c4 c6 4. Qc2 f5 5. g3 Nf6 6. Bg2 Bd6 7. O-O O-O 8. b3 Qe7
9. c5 Bc7 10. Bf4 b6 11. Bxc7 Qxc7 12. Ne5 Bb7 13. Nd2 bxc5 14. Qxc5 Nbd7 15.
Nxd7 Nxd7 16. Qc3 a5 17. f4 Qd6 18. Nf3 Rfc8 19. Ne5 Nxe5 20. fxe5 Qe7 21. Rac1
a4 22. b4 Ba6 23. Qd2 a3 24. Rc5 Bc4 25. Rc1 Rab8 26. Bf3 Rb6 27. Rc3 Rxb4 28.
Rxa3 Rcb8 29. Rca5 Rb2 30. Qe3 h6 31. Ra7 Qb4 32. Kf2 Rb1 33. Qc3 Qf8 34. Qa5
f4 35. g4 R1b7 36. Rxb7 Rxb7 37. Qa8 Rb8 38. Qa7 Qd8 39. Qc5 Qh4+ 40. Kg2 Bxe2
41. Bxe2 Rb2 42. Kf1 Rb1+ 43. Kg2 Rb2 44. Kf1 Rb1+ 45. Kg2 f3+ 46. Kxf3 Qh3+
47. Kf2 Qxh2+ 48. Ke3 Qg3+ 49. Kd2 Qf4+ 50. Re3 Rb2+ 51. Kd3 1/2-1/2

[Event "II Open A"]
[Site "Livigno ITA"]
[Date "2011.09.13"]
[Round "3"]
[White "Andersson, Thorbjorn"]
[Black "Karl, Hans"]
[WhiteElo "2055"]
[BlackElo "2201"]
[Result "0-1"]
[PlyCount "76"]
[EventDate "2011.09.12"]

1. e4 e5 2. Nf3 Nc6 3. Bb5 a6 4. Ba4 Nf6 5. O-O Nxe4 6. Re1 b5 7. Rxe4 bxa4 8.
Nxe5 Nxe5 9. Rxe5+ Be7 10. Nc3 d6 11. Re1 Be6 12. d4 O-O 13. Nxa4 Rb8 14. d5
Bf5 15. b3 Bf6 16. Bb2 Bxb2 17. Nxb2 Qf6 18. Nd3 Rfe8 19. Qf3 Qg6 20. Re3 Be4
21. Rae1 f5 22. Qh3 Qf7 23. c4 c6 24. dxc6 Bxc6 25. Rxe8+ Rxe8 26. Rxe8+ Bxe8
27. Qe3 Bc6 28. Nf4 g5 29. Ne6 f4 30. Qe1 Qf6 31. Nc7 Kg7 32. h3 f3 33. g4 h5
34. Qe3 hxg4 35. hxg4 Kf7 36. Nxa6 Qa1+ 37. Kh2 Qf1 38. Qa7+ Kg6 0-1

[Event "II Open A"]
[Site "Livigno ITA"]
[Date "2011.09.13"]
[Round "3"]
[White "Kock, Hans-Uwe"]
[Black "Bossi, Alessandro"]
[WhiteElo "2117"]
[BlackElo "2019"]
[Result "0-1"]
[PlyCount "106"]
[EventDate "2011.09.12"]

1. d4 Nf6 2. c4 c5 3. d5 e6 4. Nc3 exd5 5. cxd5 d6 6. g3 g6 7. Bg2 Bg7 8. Nf3
O-O 9. O-O a6 10. a4 Re8 11. Nd2 Nbd7 12. h3 Rb8 13. Nc4 Ne5 14. Na3 h6 15. f4
Ned7 16. Kh2 Qc7 17. Qd3 b6 18. e4 Bb7 19. Bd2 Rbc8 20. Nc4 Qb8 21. Rfe1 Nh5
22. Bf3 Ba8 23. Ne3 c4 24. Qe2 Nhf6 25. Rad1 b5 26. axb5 axb5 27. Qg2 Nc5 28.
Ng4 Nd3 29. Re2 b4 30. Na2 b3 31. Nc3 Nxb2 32. Rf1 Nd3 33. e5 dxe5 34. fxe5
Nxe5 35. Nxh6+ Kh7 36. Ng4 Nfxg4+ 37. hxg4 Qb6 38. g5 Qd4 39. Re4 Qd3 40. Re3
Qc2 41. Bd1 Qb2 42. Rf2 Qa1 43. Qh3+ Kg8 44. Re1 Rcd8 45. Ne4 Bxd5 46. Nf6+
Bxf6 47. gxf6 Nf3+ 48. Bxf3 Rxe1 49. Bxd5 Rxd5 50. Qc8+ Kh7 51. Bxe1 Qxe1 52.
Kg2 Qe4+ 53. Kg1 Rh5 0-1

[Event "II Open A"]
[Site "Livigno ITA"]
[Date "2011.09.13"]
[Round "3"]
[White "Bosschem, Tim"]
[Black "Veznik, Michael"]
[WhiteElo "2068"]
[BlackElo "1830"]
[Result "1-0"]
[PlyCount "99"]
[EventDate "2011.09.12"]

1. d4 c5 2. d5 e5 3. e4 d6 4. Nc3 f5 5. Bb5+ Bd7 6. exf5 Nf6 7. Nge2 Be7 8. a4
O-O 9. Ng3 a6 10. Bxd7 Nbxd7 11. O-O Qa5 12. Be3 Qb4 13. Ra3 Qh4 14. f3 Nh5 15.
Nxh5 Qxh5 16. g4 Qh3 17. Qe2 h5 18. Ne4 hxg4 19. fxg4 Qh7 20. Bg5 Nf6 21. Bxf6
gxf6 22. Rb3 Rab8 23. Rb6 Rfd8 24. Rf3 Kf7 25. Kg2 Rh8 26. h3 Rbg8 27. Nf2 Rb8
28. c4 Ke8 29. Rfb3 Bf8 30. Ne4 Qh6 31. Qe3 Qh4 32. Rxb7 Rd8 33. Rb8 Rh7 34.
Rxd8+ Kxd8 35. Rb8+ Ke7 36. Rb7+ Kd8 37. Rxh7 Qxh7 38. Qb3 Qc7 39. Nxf6 Ke7 40.
Ne4 Kf7 41. Ng5+ Kf6 42. Ne6 Qc8 43. Kf3 Be7 44. Ke4 Qh8 45. Qg3 Kf7 46. g5 Qb8
47. Qh4 Bf8 48. Qh7+ Ke8 49. Qg6+ Kd7 50. Qf7+ 1-0

[Event "II Open A"]
[Site "Livigno ITA"]
[Date "2011.09.14"]
[Round "4"]
[White "Volkov, Sergey"]
[Black "Bruno, Fabio"]
[WhiteElo "2614"]
[BlackElo "2431"]
[Result "1/2-1/2"]
[PlyCount "118"]
[EventDate "2011.09.12"]

1. d4 d5 2. c4 c6 3. Nf3 e6 4. e3 Bd6 5. b3 f5 6. Bd3 Nf6 7. O-O Qe7 8. Bb2 O-O
9. Qc1 b6 10. Ba3 c5 11. cxd5 exd5 12. Nc3 Na6 13. Nb5 Bb8 14. dxc5 Nxc5 15.
Nbd4 Nfe4 16. Bb5 a6 17. Bc6 Bb7 18. b4 Nd3 19. Qd1 Ne5 20. b5 Nc5 21. Bxb7
Qxb7 22. Nc6 Nxf3+ 23. Qxf3 axb5 24. Qxd5+ Qf7 25. Qxf7+ Kxf7 26. Bb2 Rc8 27.
Nb4 Na4 28. Bd4 Bd6 29. Nd3 Bc5 30. Ne5+ Kg8 31. Nf3 b4 32. Rfc1 Bxd4 33. Rxc8+
Rxc8 34. Nxd4 Nc3 35. Kf1 Ra8 36. Ke1 g6 37. Kd2 Ne4+ 38. Ke2 Nc3+ 39. Kd3 Rxa2
40. Rxa2 Nxa2 41. Kc4 Kf7 42. f3 Ke7 43. h4 Kd6 44. h5 Nc3 45. hxg6 hxg6 46.
Nc2 Nd5 47. e4 fxe4 48. fxe4 Nf4 49. g3 Nh5 50. Nxb4 Nxg3 51. Nd5 Ke5 52. Nxb6
Kxe4 53. Kc3 Nf1 54. Kc2 g5 55. Kd1 Kf3 56. Ke1 Nh2 57. Nd7 Ke3 58. Nf6 Kf4 59.
Kf2 Ng4+ 1/2-1/2

[Event "II Open A"]
[Site "Livigno ITA"]
[Date "2011.09.14"]
[Round "4"]
[White "Suvrajit, Saha"]
[Black "Dgebuadze, Alexandre"]
[WhiteElo "2384"]
[BlackElo "2544"]
[Result "1/2-1/2"]
[PlyCount "100"]
[EventDate "2011.09.12"]

1. Nf3 Nf6 2. c4 e6 3. Nc3 Bb4 4. Qc2 b6 5. e3 Bb7 6. Be2 a5 7. O-O O-O 8. d3
d5 9. cxd5 exd5 10. b3 Re8 11. Bb2 Nbd7 12. Rac1 c6 13. Rfd1 Qe7 14. Na4 b5 15.
Nc3 Ng4 16. Bf1 Nde5 17. d4 Nxf3+ 18. gxf3 Nh6 19. Ne2 Qf6 20. Bg2 Nf5 21. e4
Nh4 22. e5 Qg5 23. Ng3 f5 24. f4 Qxf4 25. Rf1 Re6 26. Rcd1 Nxg2 27. Bc1 Qg4 28.
f3 Qh3 29. Qxg2 Qxg2+ 30. Kxg2 g6 31. Ne2 Ree8 32. Nf4 Bf8 33. Nd3 b4 34. Rfe1
Kf7 35. Kg3 Ba6 36. Nc5 Bc8 37. h4 h6 38. Bf4 Bxc5 39. dxc5 Rh8 40. Rd4 Be6 41.
Bd2 g5 42. hxg5 Rag8 43. f4 hxg5 44. fxg5 Rh5 45. Rh4 Rxh4 46. Kxh4 d4 47. Kg3
Rh8 48. Bf4 Kg7 49. Rd1 Rd8 50. Rd3 Rd5 1/2-1/2

[Event "II Open A"]
[Site "Livigno ITA"]
[Date "2011.09.14"]
[Round "4"]
[White "Svetushkin, Dmitry"]
[Black "Stella, Andrea"]
[WhiteElo "2594"]
[BlackElo "2447"]
[Result "0-1"]
[PlyCount "41"]
[EventDate "2011.09.12"]

1. d4 Nf6 2. c4 g6 3. Nc3 d5 4. cxd5 Nxd5 5. Bd2 Nb6 6. Bf4 Bg7 7. e3 c5 8.
dxc5 Bxc3+ 9. bxc3 Qxd1+ 10. Rxd1 N6d7 11. Bh6 Nxc5 12. Nf3 Nc6 13. Nd4 Bd7 14.
Bc4 Rc8 15. O-O Na4 16. Nf3 Nd8 17. Ne5 Rxc4 18. Nxc4 Bb5 19. Rd4 Nxc3 20. Re1
Ne6 21. Re4 0-1

[Event "II Open A"]
[Site "Livigno ITA"]
[Date "2011.09.14"]
[Round "4"]
[White "Brunello, Sabino"]
[Black "Hunt, Adam C."]
[WhiteElo "2569"]
[BlackElo "2437"]
[Result "1/2-1/2"]
[PlyCount "79"]
[EventDate "2011.09.12"]

1. c4 Nf6 2. g3 g6 3. Bg2 d5 4. Nf3 Bg7 5. O-O O-O 6. d4 dxc4 7. Na3 c3 8. bxc3
c5 9. e3 Nc6 10. Qe2 Nd5 11. Bb2 Nb6 12. Rab1 cxd4 13. cxd4 Qd5 14. e4 Qxa2 15.
Ra1 Qb3 16. Rfb1 Na4 17. Bc1 Nc3 18. Qd3 Qd1+ 19. Qxd1 Nxd1 20. Bd2 Nxd4 21.
Nxd4 Bxd4 22. Rxd1 Bxa1 23. Rxa1 Bd7 24. e5 Rab8 25. Bb4 Rfc8 26. Bxe7 b5 27.
Rd1 Bg4 28. f3 Be6 29. Bf1 b4 30. Nb5 a5 31. Bd6 Rb6 32. Kf2 Rc2+ 33. Ke3 Bc4
34. Nd4 Rc3+ 35. Kd2 Bxf1 36. Rxf1 Rc4 37. Kd3 Rc3+ 38. Kd2 Rc4 39. Kd3 Rc3+
40. Ke4 1/2-1/2

[Event "II Open A"]
[Site "Livigno ITA"]
[Date "2011.09.14"]
[Round "4"]
[White "Polak, Tomas"]
[Black "Mazur, Stefan"]
[WhiteElo "2543"]
[BlackElo "2372"]
[Result "1-0"]
[PlyCount "61"]
[EventDate "2011.09.12"]

1. d4 Nf6 2. c4 g6 3. Nc3 Bg7 4. Nf3 O-O 5. Bg5 d6 6. e3 Nbd7 7. Be2 h6 8. Bh4
g5 9. Bg3 Nh5 10. Nd2 Nxg3 11. hxg3 c5 12. Qc2 a6 13. Rd1 b6 14. Nde4 f5 15.
Nxg5 hxg5 16. Bf3 e6 17. Bxa8 cxd4 18. exd4 Nf6 19. Bf3 Kf7 20. g4 Rh8 21. Ke2
Rxh1 22. Rxh1 b5 23. gxf5 exf5 24. cxb5 axb5 25. Qb3+ Kg6 26. Qxb5 g4 27. Bc6
Qe7+ 28. Kd2 g3 29. Qe2 Qa7 30. Be8+ Kg5 31. Rh5+ 1-0

[Event "II Open A"]
[Site "Livigno ITA"]
[Date "2011.09.14"]
[Round "4"]
[White "Pacher, Milan"]
[Black "Godena, Michele"]
[WhiteElo "2403"]
[BlackElo "2527"]
[Result "1/2-1/2"]
[PlyCount "52"]
[EventDate "2011.09.12"]

1. e4 e5 2. Nf3 Nc6 3. Bb5 a6 4. Ba4 Nge7 5. O-O g6 6. c3 Bg7 7. d4 b5 8. Bb3
exd4 9. cxd4 O-O 10. Nc3 Na5 11. Bg5 h6 12. Bxe7 Qxe7 13. Nd5 Qd8 14. Rc1 Ra7
15. Qc2 d6 16. h3 c6 17. Nb4 Rc7 18. Rfd1 Bb7 19. e5 Nxb3 20. Qxb3 dxe5 21.
Nxe5 c5 22. dxc5 Qg5 23. Nf3 Bxf3 24. Qxf3 Rxc5 25. Rxc5 Qxc5 26. Nxa6 Qc2
1/2-1/2

[Event "II Open A"]
[Site "Livigno ITA"]
[Date "2011.09.14"]
[Round "4"]
[White "Molina, Fabrizio"]
[Black "Janev, Evgeni"]
[WhiteElo "2258"]
[BlackElo "2511"]
[Result "1-0"]
[PlyCount "145"]
[EventDate "2011.09.12"]

1. Nf3 Nf6 2. c4 d6 3. g3 g6 4. Bg2 Bg7 5. Nc3 O-O 6. O-O c6 7. Rb1 d5 8. cxd5
cxd5 9. d3 d4 10. Nb5 Nc6 11. a4 h6 12. Bd2 Be6 13. a5 a6 14. Na3 Rc8 15. Qa4
Nd5 16. Nc4 Na7 17. Rfc1 Nb5 18. Rc2 Rc6 19. Rbc1 Qb8 20. Be1 Rd8 21. Nfd2 f5
22. Na3 Rxc2 23. Rxc2 Na7 24. Rc1 Bf7 25. Nc2 e5 26. Nc4 Nc6 27. Nb4 Ncxb4 28.
Bxb4 h5 29. Bd2 Bf6 30. Qa3 h4 31. Qb3 Kg7 32. Qd1 hxg3 33. hxg3 f4 34. Qf1 Rh8
35. Be4 g5 36. Qg2 Qd8 37. gxf4 exf4 38. Nb6 Nxb6 39. axb6 Qxb6 40. Bxf4 Qa5
41. Bxb7 Re8 42. Be4 Re6 43. Qg4 Kf8 44. Bg3 Kg7 45. Rc7 Re7 46. Rxe7 Bxe7 47.
Qh3 Bg8 48. Qh5 Qb6 49. Be5+ Kf8 50. Bg6 Bf6 51. Qf3 Kg7 52. Qxf6+ Qxf6 53.
Bxf6+ Kxf6 54. Be4 a5 55. Kg2 Ke5 56. Kg3 Be6 57. Bf3 Kd6 58. Bg4 Bb3 59. Bc8
Bd1 60. e3 Kc5 61. e4 Kb4 62. e5 Bc2 63. Ba6 Kb3 64. e6 Kxb2 65. Bb5 Bd1 66. f3
a4 67. e7 a3 68. e8=Q a2 69. Qe5 a1=Q 70. Qxd4+ Kb1 71. Qxa1+ Kxa1 72. d4 Bb3
73. Bc6 1-0

[Event "II Open A"]
[Site "Livigno ITA"]
[Date "2011.09.14"]
[Round "4"]
[White "Michalik, Peter"]
[Black "Marholev, Dimitar"]
[WhiteElo "2511"]
[BlackElo "2355"]
[Result "1-0"]
[PlyCount "63"]
[EventDate "2011.09.12"]

1. d4 Nf6 2. c4 c5 3. d5 e6 4. Nc3 exd5 5. cxd5 d6 6. e4 g6 7. f4 Bg7 8. Bb5+
Nfd7 9. Nf3 O-O 10. Bd3 Na6 11. O-O Nc7 12. Kh1 Rb8 13. a4 a6 14. f5 b5 15.
axb5 Nxb5 16. Bg5 f6 17. Bh4 g5 18. Bg3 Qe7 19. Nxb5 axb5 20. b4 g4 21. bxc5
Nxc5 22. Nd4 Bd7 23. Ra7 Rb7 24. Rxb7 Nxb7 25. Qxg4 b4 26. Ne6 Bxe6 27. fxe6
Nc5 28. Bb1 Ra8 29. Qf5 Ra1 30. e5 dxe5 31. Qxh7+ Kf8 32. Bxe5 1-0

[Event "II Open A"]
[Site "Livigno ITA"]
[Date "2011.09.14"]
[Round "4"]
[White "Maiorov, Nikita"]
[Black "Petkov, Vladimir"]
[WhiteElo "2558"]
[BlackElo "2511"]
[Result "1/2-1/2"]
[PlyCount "85"]
[EventDate "2011.09.12"]

1. d4 Nf6 2. c4 e6 3. Nc3 Bb4 4. Qc2 O-O 5. a3 Bxc3+ 6. Qxc3 d5 7. e3 c5 8.
dxc5 a5 9. Nf3 a4 10. Bd2 Nbd7 11. cxd5 Ne4 12. Qc2 Ndxc5 13. Bb4 b6 14. Bb5
Bb7 15. Rd1 Bxd5 16. Bc6 Rc8 17. Bxd5 exd5 18. O-O Qd7 19. Bxc5 Rfd8 20. Rd4
Nxc5 21. Qe2 Nb3 22. Rb4 b5 23. Qxb5 Qxb5 24. Rxb5 d4 25. exd4 Nxd4 26. Nxd4
Rxd4 27. Re1 g6 28. g3 Rc2 29. Re3 Rdd2 30. Rf3 Rxb2 31. Ra5 Rb3 32. Rf4 Rb7
33. Rfxa4 Ra2 34. Rf4 h5 35. Kg2 Kg7 36. h3 Rc7 37. a4 Rb7 38. Rc5 Ra7 39. Rcc4
Rb7 40. Rc5 Ra7 41. Rcc4 Rb7 42. Kf3 Rbb2 43. Ke4 1/2-1/2

[Event "II Open A"]
[Site "Livigno ITA"]
[Date "2011.09.14"]
[Round "4"]
[White "Cebalo, Miso"]
[Black "Sveshnikov, Vladimir"]
[WhiteElo "2478"]
[BlackElo "2412"]
[Result "1/2-1/2"]
[PlyCount "110"]
[EventDate "2011.09.12"]

1. c4 e6 2. g3 d5 3. Bg2 Nf6 4. Nf3 dxc4 5. Na3 Bxa3 6. bxa3 Nbd7 7. Bb2 O-O 8.
Rc1 c5 9. Rxc4 b5 10. Rh4 Bb7 11. Qc2 h6 12. O-O Rc8 13. a4 b4 14. d3 Rc7 15.
e4 a5 16. Nd2 Nb6 17. e5 Nfd5 18. Ne4 c4 19. Nf6+ gxf6 20. Qd2 f5 21. Qxh6 f6
22. dxc4 Nxc4 23. exf6 Nxf6 24. Qh8+ Kf7 25. Bxf6 Rxh8 26. Bxd8 Rxh4 27. Bxc7
Bxg2 28. Kxg2 Rd4 29. Rc1 e5 30. h4 Kg6 31. Bb8 Re4 32. Ba7 Nb2 33. Rc6+ Kh7
34. Rc5 Nxa4 35. Rxa5 Nc3 36. Bb8 Re2 37. Rxe5 Rxe5 38. Bxe5 Nxa2 39. Kf3 b3
40. Ke3 Nb4 41. Kd2 Kg6 42. Bb2 Nd5 43. Kd3 Kh5 44. Kc4 Ne7 45. Kxb3 Ng6 46.
Bc1 Ne5 47. Kc3 Ng4 48. Be3 f4 49. gxf4 Kxh4 50. f5 Nxf2 51. Kd4 Ng4 52. Bd2
Nf6 53. Ke5 Nd7+ 54. Kd6 Kg4 55. Ke6 Nc5+ 1/2-1/2

[Event "II Open A"]
[Site "Livigno ITA"]
[Date "2011.09.14"]
[Round "4"]
[White "Rotstein, Arkadij"]
[Black "Xia, Jie"]
[WhiteElo "2515"]
[BlackElo "2249"]
[Result "1/2-1/2"]
[PlyCount "126"]
[EventDate "2011.09.12"]

1. e4 Nf6 2. e5 Nd5 3. d4 d6 4. Nf3 dxe5 5. Nxe5 c6 6. Bc4 Be6 7. Bb3 Nd7 8.
Nf3 N7f6 9. O-O g6 10. Re1 Nc7 11. c3 Bd5 12. c4 Bxf3 13. Qxf3 Bg7 14. d5 cxd5
15. cxd5 O-O 16. Nc3 a5 17. Be3 Nce8 18. a4 Nd6 19. Re2 Rc8 20. Rae1 Re8 21.
Nb5 Qd7 22. Nxd6 exd6 23. Bb6 Rxe2 24. Qxe2 Re8 25. Qd1 Rxe1+ 26. Qxe1 Nh5 27.
Qd2 Qf5 28. g3 Qb1+ 29. Kg2 Qxb2 30. Qxb2 Bxb2 31. Bxa5 Ba3 32. Bc3 f5 33. Bd4
Kf7 34. Kf3 Nf6 35. Ke2 Ke7 36. f3 Bc5 37. Bc3 Nd7 38. h3 Nf6 39. g4 fxg4 40.
hxg4 Ba3 41. Bd2 Bb2 42. Kd3 Nd7 43. Bc2 Kf6 44. f4 h6 45. g5+ hxg5 46. fxg5+
Ke7 47. Kc4 Ne5+ 48. Kb5 Kd7 49. Be3 Kc7 50. Be4 Bc3 51. Bb6+ Kc8 52. Be3 Kc7
53. Bg2 Kb8 54. Bh3 Nf3 55. Bg4 Bd2 56. Bc5 dxc5 57. Bxf3 Bxg5 58. Kxc5 Be3+
59. Kd6 Kc8 60. Ke7 Bg5+ 61. Ke6 Kd8 62. Be4 b6 63. Kd6 Be3 1/2-1/2

[Event "II Open A"]
[Site "Livigno ITA"]
[Date "2011.09.14"]
[Round "4"]
[White "Brunello, Marina"]
[Black "Braga, Fernando Alberto"]
[WhiteElo "2215"]
[BlackElo "2438"]
[Result "1/2-1/2"]
[PlyCount "189"]
[EventDate "2011.09.12"]

1. e4 c5 2. c3 d5 3. exd5 Qxd5 4. d4 Nc6 5. Nf3 cxd4 6. cxd4 e5 7. Nc3 Bb4 8.
Bd2 Bxc3 9. Bxc3 e4 10. Ne5 Nxe5 11. dxe5 Ne7 12. Qa4+ Bd7 13. Qa3 Qe6 14. Be2
O-O 15. Rd1 Bc6 16. Qd6 Rfe8 17. Qxe6 fxe6 18. O-O Nd5 19. Bd2 Rad8 20. Rfe1
Rd7 21. Bg4 Nb6 22. Bc3 Bd5 23. Be2 Rc8 24. Rd4 Rdc7 25. h3 Kf7 26. Red1 Rc5
27. Bh5+ g6 28. Be2 R8c7 29. Bf1 Nc8 30. g3 Ne7 31. Bg2 Nf5 32. Ra4 b5 33. Ra6
R5c6 34. Rxc6 Rxc6 35. a3 a6 36. h4 Rc5 37. Bh3 a5 38. Bxf5 gxf5 39. Re1 Kg6
40. Re3 Kh5 41. Kh2 Kg4 42. Kg2 Bc4 43. Kh2 a4 44. Kg2 Rc8 45. Bd2 Rd8 46. Bb4
Rd1 47. Re1 Rd5 48. Bc3 Bb3 49. Re2 Bc4 50. Re1 Rd7 51. Bb4 Rc7 52. Bc3 Rd7 53.
Re3 h6 54. Bb4 Bd5 55. Ba5 Ra7 56. Bb4 Ra6 57. Bd2 Rc6 58. Bc3 Rc8 59. Kh2 Bb3
60. Kg2 Bd1 61. Re1 Bf3+ 62. Kh2 Rd8 63. Bb4 Rd5 64. Bc3 Rd7 65. Bb4 Rd3 66.
Re3 Rd5 67. Bc3 Kh5 68. Re1 Kg6 69. Kg1 Kf7 70. Kh2 Ke8 71. Kg1 Kd7 72. Rc1 Be2
73. Kg2 Bf3+ 74. Kg1 h5 75. Kf1 Rd3 76. Ke1 Kc6 77. Bd2+ Kd5 78. Rc3 Kxe5 79.
Rxd3 exd3 80. Bg5 Ke4 81. Kd2 Be2 82. Bh6 Kf3 83. Ke1 Kg4 84. Bf4 Kf3 85. Bh6
Kg2 86. Bf4 Bf3 87. Bg5 Bd5 88. Bf4 Bc4 89. Bg5 Kf3 90. Bh6 Ke4 91. Kd2 e5 92.
Bg5 Kf3 93. Ke1 f4 94. gxf4 exf4 95. Kd2 1/2-1/2

[Event "II Open A"]
[Site "Livigno ITA"]
[Date "2011.09.14"]
[Round "4"]
[White "Bove, Alessandro"]
[Black "Kilpatrick, Callum"]
[WhiteElo "2368"]
[BlackElo "2256"]
[Result "0-1"]
[PlyCount "104"]
[EventDate "2011.09.12"]

1. d4 Nf6 2. c4 g6 3. f3 Nc6 4. d5 Ne5 5. e4 d6 6. Nc3 Bg7 7. Be2 O-O 8. f4
Ned7 9. Nh3 e5 10. O-O exf4 11. Bxf4 Re8 12. Nf2 Nc5 13. e5 dxe5 14. Bg5 h6 15.
Be3 Qe7 16. Qd2 Kh7 17. b4 Ncd7 18. Nb5 Nb8 19. Rad1 Rd8 20. d6 cxd6 21. Bxa7
Na6 22. Bb6 Rd7 23. Nxd6 e4 24. Be3 Rxd6 25. Qxd6 Qxd6 26. Rxd6 Nxb4 27. Nd1
Be6 28. Rb6 Nc2 29. Rxb7 Nd7 30. Ra7 Rb8 31. Bf2 Nd4 32. Nc3 Rb2 33. Bd1 e3 34.
Bxe3 Nf5 35. Rxf5 gxf5 36. Ra3 f4 37. Bf2 Bxc3 38. Rxc3 Rb1 39. Rd3 Bg4 40. Bd4
Rxd1+ 41. Rxd1 Bxd1 42. c5 Ba4 43. Kf2 Kg6 44. Kf3 Kg5 45. g3 Bc6+ 46. Kf2 f3
47. Be3+ Kg4 48. Bd4 Kh3 49. Kg1 h5 50. a3 f6 51. Kf2 Kxh2 52. a4 Ne5 0-1

[Event "II Open A"]
[Site "Livigno ITA"]
[Date "2011.09.14"]
[Round "4"]
[White "Karl, Hans"]
[Black "Palit, Somak"]
[WhiteElo "2201"]
[BlackElo "2363"]
[Result "0-1"]
[PlyCount "88"]
[EventDate "2011.09.12"]

1. d4 Nf6 2. c4 g6 3. Nc3 d5 4. Bg5 Ne4 5. Bh4 Nxc3 6. bxc3 Bg7 7. e3 c5 8. Nf3
Nc6 9. Bd3 O-O 10. O-O b6 11. Qe2 cxd4 12. cxd4 Ba6 13. Rac1 Nb4 14. Nd2 Nxa2
15. Ra1 Nc3 16. Qf3 dxc4 17. Nxc4 Bxc4 18. Bxc4 b5 19. Rfc1 b4 20. Ba6 Qc7 21.
Kf1 b3 22. Bg3 e5 23. Qe2 Nxe2 24. Rxc7 Nxg3+ 25. hxg3 exd4 26. Rb1 dxe3 27.
Rxb3 exf2 28. Kxf2 Bd4+ 29. Kf3 Bb6 30. Rd7 Rad8 31. Rbd3 Rxd7 32. Rxd7 Rd8 33.
Rxd8+ Bxd8 34. g4 Kg7 35. Ke4 Kf6 36. Bc4 Kg5 37. Kf3 f6 38. Bg8 h5 39. gxh5
Kxh5 40. g4+ Kg5 41. Be6 a5 42. Bd7 Bc7 43. Bc6 f5 44. gxf5 Kxf5 0-1

[Event "II Open A"]
[Site "Livigno ITA"]
[Date "2011.09.14"]
[Round "4"]
[White "Narayanan, Srinath"]
[Black "Bosschem, Tim"]
[WhiteElo "2336"]
[BlackElo "2068"]
[Result "1-0"]
[PlyCount "49"]
[EventDate "2011.09.12"]

1. e4 c5 2. Nf3 d6 3. d4 cxd4 4. Nxd4 Nf6 5. Nc3 a6 6. h3 e6 7. g4 d5 8. exd5
Nxd5 9. Nde2 Nxc3 10. Qxd8+ Kxd8 11. Nxc3 Bb4 12. Bg2 Nc6 13. Bd2 Kc7 14. O-O-O
Bd6 15. Be3 Be5 16. Na4 b5 17. f4 bxa4 18. fxe5 Rb8 19. Bc5 Rb5 20. Bd6+ Kb6
21. c4 Ra5 22. c5+ Kb7 23. Rhf1 f6 24. exf6 gxf6 25. Rxf6 1-0

[Event "II Open A"]
[Site "Livigno ITA"]
[Date "2011.09.14"]
[Round "4"]
[White "Saptarshi, Roy"]
[Black "Zamengo, Fulvio"]
[WhiteElo "2385"]
[BlackElo "2002"]
[Result "1-0"]
[PlyCount "73"]
[EventDate "2011.09.12"]

1. d4 Nf6 2. Nc3 d5 3. Bg5 Nbd7 4. Qd3 e6 5. e4 dxe4 6. Nxe4 Be7 7. Nxf6+ Nxf6
8. Nf3 O-O 9. O-O-O b6 10. Ne5 Bb7 11. Qh3 Nd7 12. Be3 Nxe5 13. dxe5 Qc8 14.
Bd3 g6 15. Qg3 c5 16. c3 c4 17. Bc2 b5 18. h4 Qc6 19. f3 Bc5 20. Bxc5 Qxc5 21.
h5 Qe7 22. hxg6 fxg6 23. Bxg6 hxg6 24. Qxg6+ Qg7 25. Qxe6+ Rf7 26. Rd7 Qg5+ 27.
Kb1 Qf5+ 28. Qxf5 Rxf5 29. Rxb7 Rxe5 30. Rbh7 Rae8 31. Rh8+ Kg7 32. R1h7+ Kf6
33. Rxe8 Rxe8 34. Rxa7 Re1+ 35. Kc2 Re2+ 36. Kc1 Rxg2 37. a4 1-0

[Event "II Open A"]
[Site "Livigno ITA"]
[Date "2011.09.15"]
[Round "5"]
[White "Timoshenko, Georgy"]
[Black "Volkov, Sergey"]
[Result "0-1"]
[WhiteElo "2572"]
[BlackElo "2614"]
[PlyCount "80"]
[EventDate "2011.09.12"]

1. e4 e6 2. d4 d5 3. Nc3 Nf6 4. e5 Nfd7 5. f4 c5 6. Nf3 Nc6 7. Be3 Be7 8. Qd2
O-O 9. dxc5 Qa5 10. O-O-O Nxc5 11. Kb1 Rd8 12. Nd4 Bf8 13. g4 Rb8 14. Qf2 Bd7
15. Bg2 Rbc8 16. Rhf1 Nxd4 17. Bxd4 b5 18. f5 b4 19. Ne2 Rc6 20. Nf4 Ra6 21.
fxe6 Bxe6 22. a3 Rd7 23. Nxd5 bxa3 24. b4 Rb6 25. c3 Rb8 26. Bxc5 Bxc5 27. Ka1
Bxf2 28. bxa5 Bxg4 29. Rd3 Rb2 30. Nb4 Rd2 31. Be4 g6 32. Rxd2 Rxd2 33. Nd5 Be6
34. Nb4 Bc4 35. Rh1 Kg7 36. h4 h5 37. Bb1 Bg3 38. Rh3 Bxe5 39. Nc6 a2 40. Nxe5
Rd1 0-1

[Event "II Open A"]
[Site "Livigno ITA"]
[Date "2011.09.15"]
[Round "5"]
[White "Bruno, Fabio"]
[Black "Polak, Tomas"]
[WhiteElo "2431"]
[BlackElo "2543"]
[Result "1/2-1/2"]
[PlyCount "127"]
[EventDate "2011.09.12"]

1. d4 Nf6 2. Nf3 e6 3. e3 b6 4. Bd3 Bb7 5. O-O Be7 6. c4 c5 7. Nc3 cxd4 8. exd4
d5 9. cxd5 Nxd5 10. Ne5 O-O 11. Qh5 Nf6 12. Qh4 Ne4 13. Qh3 Qxd4 14. Bf4 Nf6
15. Ne2 Qa4 16. b3 Qa5 17. Nd4 Rd8 18. Nxe6 Rxd3 19. Nxd3 Nc6 20. Nc7 Rd8 21.
Rfe1 Bf8 22. Qf3 Qf5 23. Rad1 Rxd3 24. Qxd3 Qxf4 25. Nd5 Nxd5 26. Qxd5 g6 27.
Re4 Qf6 28. Re8 Kg7 29. Qd7 Ba6 30. Re3 Bc5 31. Rf3 Ne5 32. Rxf6 Nxd7 33. Rxf7+
Kxf7 34. Rxd7+ Be7 35. Rxa7 Bd3 36. Rb7 b5 37. a4 b4 38. a5 Ke8 39. Rb6 Kd7 40.
a6 Be4 41. a7 Bc5 42. Rf6 Ke7 43. Ra6 Ba8 44. Kf1 Kd7 45. f4 Kc7 46. g4 Kb7 47.
Ra4 Bxa7 48. Rxb4+ Bb6 49. f5 gxf5 50. gxf5 Kc7 51. f6 Bd5 52. Rh4 Kd6 53. Rxh7
Bxb3 54. Rb7 Bc4+ 55. Ke1 Kc6 56. Re7 Bc5 57. Rg7 Kd6 58. Rg4 Bf7 59. Re4 Kd5
60. Re2 Bd6 61. Ra2 Be5 62. Ra6 Be6 63. h4 Bg3+ 64. Kd2 1/2-1/2

[Event "II Open A"]
[Site "Livigno ITA"]
[Date "2011.09.15"]
[Round "5"]
[White "Dgebuadze, Alexandre"]
[Black "Molina, Fabrizio"]
[WhiteElo "2544"]
[BlackElo "2258"]
[Result "1-0"]
[PlyCount "59"]
[EventDate "2011.09.12"]

1. d4 d6 2. c4 e5 3. Nf3 e4 4. Ng5 f5 5. Nc3 Nf6 6. g3 h6 7. Nh3 g5 8. Ng1 Bg7
9. h4 f4 10. gxf4 gxf4 11. Bxf4 Nc6 12. e3 O-O 13. Nge2 Bg4 14. Qb3 Qd7 15.
O-O-O a5 16. a3 a4 17. Qc2 Na5 18. Rg1 h5 19. Ng3 Kh8 20. Be2 d5 21. Bxg4 hxg4
22. h5 Rf7 23. h6 Bf8 24. cxd5 Nb3+ 25. Kb1 Ra6 26. Be5 Kg8 27. Ngxe4 Nxe4 28.
Qxe4 Rxf2 29. h7+ Kf7 30. h8=Q 1-0

[Event "II Open A"]
[Site "Livigno ITA"]
[Date "2011.09.15"]
[Round "5"]
[White "Stella, Andrea"]
[Black "Rombaldoni, Denis"]
[WhiteElo "2447"]
[BlackElo "2517"]
[Result "0-1"]
[PlyCount "86"]
[EventDate "2011.09.12"]

1. Nf3 d5 2. d4 Nf6 3. c4 c6 4. e3 g6 5. Nc3 Bg7 6. Be2 O-O 7. O-O dxc4 8. Bxc4
Nbd7 9. Qe2 Nb6 10. Bb3 Bg4 11. h3 Bxf3 12. Qxf3 a5 13. a4 Qd6 14. Ne4 Nxe4 15.
Qxe4 e5 16. dxe5 Qxe5 17. Qc2 Nd7 18. Rd1 Rfd8 19. Rb1 Nc5 20. Bd2 Nxb3 21.
Qxb3 Qd5 22. Qxd5 Rxd5 23. Be1 Rad8 24. Rxd5 Rxd5 25. Kf1 Rc5 26. b3 b5 27. b4
axb4 28. Bxb4 Rc2 29. Rd1 h5 30. axb5 cxb5 31. Rd8+ Kh7 32. Rd7 Rb2 33. Bc5 Rc2
34. Bb4 Rc4 35. Bd6 Rc1+ 36. Ke2 Rc2+ 37. Ke1 Bc3+ 38. Kf1 Kg7 39. Rc7 Rc1+ 40.
Ke2 Re1+ 41. Kd3 b4 42. Bc5 h4 43. Ke4 b3 0-1